| 000 | 01005nam a2200325K 4500 | ||
|---|---|---|---|
| 001 | 5198 | ||
| 003 | BD-RJUL | ||
| 005 | 20211208234028.0 | ||
| 008 | 131224s1963 enka 001 0 eng d | ||
| 035 | _aMITb10564185 | ||
| 035 | _a(BD-RJUL)5234 | ||
| 035 | _aGLIS00564185 | ||
| 040 |
_aPLF _cPLF _dRCD _beng |
||
| 041 | _aeng | ||
| 082 |
_a616.808 _bGIP 1963 |
||
| 100 | 1 |
_aGibbens, T. C. N. _916353 |
|
| 245 | 1 | 0 |
_aPsychiatric studies of Borstal lads / _cWith the assistance of A. Marriage and A. Walker. |
| 260 |
_aLondon : _aNew York : _bOxford University Press, _cc1963 |
||
| 300 |
_a230 p. : _billus. _c28 cm. |
||
| 490 | 1 |
_aInstitute of Psychiatry. Maudsley monographs _vno. 11 |
|
| 520 | _aIncludes index | ||
| 526 | _blaw | ||
| 650 | 0 |
_aJuvenile delinquency _zGreat Britain. _915442 |
|
| 650 | 0 |
_aJuvenile delinquents _zGreat Britain. _916033 |
|
| 650 | 0 |
_aPsychiatry. _916354 |
|
| 830 | 0 |
_vno. 11. _9153909 |
|
| 830 | 0 |
_aMaudsley monographs ; _9153910 |
|
| 942 |
_2ddc _cBK |
||
| 949 | _aMYGD | ||
| 999 |
_c5198 _d5198 |
||